000 00413nam a2200181Ia 4500
001 10854
005 20260306161903.0
008 260306t2003||||xx |||||||||||||| ||spa||
041 _aESP
082 _a975
_bA44
100 _aAlmeida, Jaime de
_eAUT
245 0 _aCenários caribenhos
260 _c2003
300 _a251 páginas :
_c22 cm.
650 _aGEN
654 _aCHU
942 _cLIB
_dJUS
_fJUS
_2ddc
_n
999 _c10854
_d10854